000 00704nam a2200193 a 4500
003 0
005 20250408122240.0
008 071122s19uu xx 00 eng d
050 _aPHS LB 1044.87
_b.K56 2007
100 _aKim, Kyung Hee.
245 _aThe effectiveness of online tutorial programs on communication skills of Korean students /
_cKyung Hee Kim.
260 _aLas PiƱas City, Philippines :
_bSouthville International School and Colleges,
_c2007.
300 _a30 pages :
_billustrations ;
_c28 cm.
504 _aIncludes bibliographical references.
650 _aOnline tutoring.
650 _aComputer-assisted instruction.
650 _aKorean students
_xEducation.
942 _2lcc
_cPASS
999 _c97841
_d97841